000 00464nam a2200181Ia 4500
001 8094
005 20260306160543.0
008 260306t2016||||xx |||||||||||||| ||spa||
041 _aESP
082 _a370.1
_bP63
100 _aPitluk, Laura
_eAUT
245 0 _aLa gestión escolar:
_bel desafío de crear contextos para hacer y estar bien
260 _c2016
300 _a200 páginas :
_c22 cm.
650 _aGEN
654 _aCED
942 _cLIB
_dJUS
_fJUS
_2ddc
_n
999 _c8094
_d8094